Religion et politique en France depuis 1789 (notice n° 1568138)

détails MARC
000 -LEADER
fixed length control field 01130cam a2200133 4500500
005 - DATE AND TIME OF LATEST TRANSACTION
control field 20251214004017.0
041 ## - LANGUAGE CODE
Language code of text/sound track or separate title fre
042 ## - AUTHENTICATION CODE
Authentication code dc
100 10 - MAIN ENTRY--PERSONAL NAME
Personal name Boudon, Jacques-Olivier
Relator term author
245 00 - TITLE STATEMENT
Title Religion et politique en France depuis 1789
260 ## - PUBLICATION, DISTRIBUTION, ETC.
Name of publisher, distributor, etc. Armand Colin,<br/>
Date of publication, distribution, etc. 2007.<br/>
520 ## - SUMMARY, ETC.
Summary, etc. Cet ouvrage propose une synthèse sur les rapports essentiels qu'entretiennent le politique et les religions en France, depuis la Révolution française jusqu'à nos jours. Il étudie la progressive laïcisation de la société française, la position des Eglises face aux événements politiques (guerres, construction européenne, Algérie) et sociaux (débat sur la morale sexuelle, "quart monde"), l'affaiblissement de l'institution religieuse face au pouvoir politique et les évolutions des dernières décennies (intégrisme catholique, islam, réactivation du principe de laïcité…). Enfin, l'auteur propose un petit corpus de textes illustrant les grandes phases de cette histoire.
856 41 - ELECTRONIC LOCATION AND ACCESS
Uniform Resource Identifier <a href="https://shs.cairn.info/religion-et-politique-en-france-depuis-1789--9782200347574?lang=fr&redirect-ssocas=7080">https://shs.cairn.info/religion-et-politique-en-france-depuis-1789--9782200347574?lang=fr&redirect-ssocas=7080</a>

Pas d'exemplaire disponible.

PLUDOC

PLUDOC est la plateforme unique et centralisée de gestion des bibliothèques physiques et numériques de Guinée administré par le CEDUST. Elle est la plus grande base de données de ressources documentaires pour les Étudiants, Enseignants chercheurs et Chercheurs de Guinée.

Adresse

627 919 101/664 919 101

25 boulevard du commerce
Kaloum, Conakry, Guinée

Réseaux sociaux

Powered by Netsen Group @ 2025